Sports Quiz

Random Sports or Baseball Quiz

MLB Top 10 Strikeout Leaders (2000s) Quiz Stats

Quiz Updated Sep 29, 2016

Challenge
Share
Tweet
Embed
Score 0/102 Timer 08:00
2 Plays Today
Year Player % Correct
2000Randy Johnson
95.8%
2001Randy Johnson
95.8%
2002Randy Johnson
95.8%
2004Randy Johnson
95.8%
2005Randy Johnson
95.8%
2000Pedro Martinez
87.2%
2002Pedro Martinez
87.2%
2003Pedro Martinez
87.2%
2004Pedro Martinez
87.2%
2005Pedro Martinez
87.2%
2001Roger Clemens
84.9%
2002Roger Clemens
84.9%
2003Roger Clemens
84.9%
2004Roger Clemens
84.9%
2001Curt Schilling
83.5%
2002Curt Schilling
83.5%
2003Curt Schilling
83.5%
2004Curt Schilling
83.5%
2007CC Sabathia
75.8%
2003Roy Halladay
74.6%
2008Roy Halladay
74.6%
2009Roy Halladay
74.6%
2008CC Sabathia
74.4%
2006John Smoltz
69.5%
2007John Smoltz
69.5%
2009Felix Hernandez
69.5%
2004Johan Santana
67.4%
2005Johan Santana
67.4%
2006Johan Santana
67.4%
2007Johan Santana
67.4%
2008Johan Santana
67.4%
2008Ervin Santana
67%
2009Justin Verlander
66%
2000Mike Mussina
63.3%
Year Player % Correct
2001Mike Mussina
63.3%
2003Mike Mussina
63.3%
2008Tim Lincecum
60.7%
2009Tim Lincecum
60.7%
2001Barry Zito
60.4%
2005Chris Carpenter
60%
2006Chris Carpenter
60%
2002Roy Oswalt
56.8%
2004Roy Oswalt
56.8%
2007Josh Beckett
56.4%
2001Kerry Wood
53.4%
2002Kerry Wood
53.4%
2003Kerry Wood
53.4%
2009Adam Wainwright
48.9%
2005Jake Peavy
48.5%
2006Jake Peavy
48.5%
2007Jake Peavy
48.5%
2003Mark Prior
46.4%
2000Bartolo Colon
46.2%
2001Bartolo Colon
46.2%
2009Zach Greinke
46.1%
2007Brandon Webb
43.1%
2005Carlos Zambrano
42.7%
2006Carlos Zambrano
42.7%
2002A.J. Burnett
42%
2005A.J. Burnett
42%
2008A.J. Burnett
42%
2000Kevin Brown
40.8%
2009Jon Lester
39.3%
2005John Lackey
38.7%
2006John Lackey
38.7%
2004Ben Sheets
34.9%
2002Jason Schmidt
33.1%
2003Jason Schmidt
33.1%
Year Player % Correct
2004Jason Schmidt
33.1%
2000Javier Vazquez
30.2%
2001Javier Vazquez
30.2%
2003Javier Vazquez
30.2%
2006Javier Vazquez
30.2%
2007Javier Vazquez
30.2%
2008Javier Vazquez
30.2%
2009Javier Vazquez
30.2%
2008Dan Haren
28.8%
2009Dan Haren
28.8%
2001Hideo Nomo
27.5%
2002Hideo Nomo
27.5%
2007Scott Kazmir
25.9%
2006Aaron Harang
23.9%
2007Aaron Harang
23.9%
2000Al Leiter
23.1%
2006Bronson Arroyo
22.9%
2007Daisuke Matsuzaka
20.9%
2004Oliver Perez
19.1%
2003Esteban Loaiza
16.5%
2005Doug Davis
16.1%
2000Chan Ho Park
16%
2001Chan Ho Park
16%
2007Erik Bedard
15.9%
2000Ryan Dempster
15.5%
2006Jeremy Bonderman
15%
2009Yovani Gallardo
14.5%
2005Brett Myers
13.7%
2006Brett Myers
13.7%
2008Edinson Volquez
11.9%
2008Chad Billingsley
11.8%
2002Matt Clement
11.5%
2004Kelvim Escobar
6.9%
2000Rick Ankiel
5.6%

You're not logged in!

Compare scores with friends on all Sporcle quizzes.
Join for Free
OR
Log In

You Might Also Like...

Show Comments

Extras

Top Quizzes Today


Score Distribution

Your Account Isn't Verified!

In order to create a playlist on Sporcle, you need to verify the email address you used during registration. Go to your Sporcle Settings to finish the process.

Report this User

Report this user for behavior that violates our Community Guidelines.

Details: